| 000 | 00594nam a22001937a 4500 | ||
|---|---|---|---|
| 003 | 0 | ||
| 005 | 20230913084101.0 | ||
| 008 | 230913b xxu||||| |||| 00| 0 eng d | ||
| 020 | _a978-1-284-27410-3 | ||
| 050 |
_aRM 301.12 _b.N63 2023 |
||
| 245 | _aNDH : nurse's drug handbook | ||
| 260 |
_aBurlington,MA _bJones & Barlett Learning _cc2023. |
||
| 300 |
_axxix, 1565 pages ; _c23cm. |
||
| 500 | _aDrugs--handbooks, manuals, etc. | ||
| 504 | _aIncludes bibliographical references and index. | ||
| 650 | _aDrugs--handbooks, manuals, etc. | ||
| 650 | _aPharmacology. | ||
| 942 |
_2lcc _cBK |
||
| 999 |
_c365288 _d365288 |
||